| 000 | nam a22 7a 4500 | ||
|---|---|---|---|
| 999 |
_c234731 _d234731 |
||
| 003 | Nust | ||
| 005 | 20170330100622.0 | ||
| 008 | 170330b xxu||||| |||| 00| 0 eng d | ||
| 020 | _a9695160565 | ||
| 040 | _cNust | ||
| 082 |
_a823 _bSHA |
||
| 100 | _aShah, Bina | ||
| 245 |
_aWhere they dream in blue / _cby Bina Shah |
||
| 260 |
_aIslamabad: _bAlhamra, _c2001 |
||
| 300 | _a325 p. | ||
| 650 | _aPakistan--Karachi | ||
| 942 |
_2ddc _cBK |
||